Rozvoj znalostní ekonomiky ve vybraných zemích EU

Indikátory znalostnej ekonomiky. Štyri piliere rozvoja znalostnej ekonomiky. Hodnoty premenných metodiky KAM vo vybraných štátoch EÚ v roku 2012. Výdavky na vedu a výskum vo vybraných štátoch EÚ. Rast reálneho HDP. Miera nezamestnanosti. Miera inflácie. Kvalifikovaná populácia. Inovačný systém firie...

Descrizione completa

Salvato in:
Dettagli Bibliografici
Autore principale: Veselková, Alexandra
Natura: Capitolo di libro
Lingua:ceco
Soggetti:
Tags: Aggiungi Tag
Nessun Tag, puoi essere il primo ad aggiungerne!!

MARC

LEADER 00000nla a2200000 4500
001 0208869
005 20240502083522.1
041 0 |a cze 
044 |a CZ 
245 1 0 |a Rozvoj znalostní ekonomiky ve vybraných zemích EU  |c Alexandra Veselková 
520 |a Indikátory znalostnej ekonomiky. Štyri piliere rozvoja znalostnej ekonomiky. Hodnoty premenných metodiky KAM vo vybraných štátoch EÚ v roku 2012. Výdavky na vedu a výskum vo vybraných štátoch EÚ. Rast reálneho HDP. Miera nezamestnanosti. Miera inflácie. Kvalifikovaná populácia. Inovačný systém firiem a IKT. Národné inovačné systémy databázy CIS. 
610 2 0 |a ekonomika vedomostná 
610 2 0 |a technológie informačné 
610 2 0 |a technológie komunikačné 
610 2 0 |a produkt domáci hrubý 
610 2 0 |a miera nezamestnanosti 
610 2 0 |a inflácia 
610 2 0 |a veda 
610 2 0 |a výskum 
610 2 0 |a výdavky 
610 2 0 |a inovácia 
610 2 0 |a Európska únia 
100 1 |a Veselková, Alexandra